| 000 | 00532pam a2200169 a 4500 | ||
|---|---|---|---|
| 020 | _a0801643155 | ||
| 050 | 0 | 0 |
_aRC 86.7 _b.S2 1994 |
| 100 | 1 | _aSanders, Mick J. | |
| 245 | 1 | 0 |
_aMosby's paramedic textbook / _cMick J. Sanders ; physician advisors, Lawrence M. Lewis, Gary Quick ; contributing editor, Kim McKenna. |
| 260 |
_aSt. Louis, Mo. : _bMosby Lifeline, _cc1994. |
||
| 300 | _axix, 1048 p. : | ||
| 650 | 2 | _xmethods. | |
| 700 | 1 | _aQuick, Gary. | |
| 700 | 1 | _aLewis, Lawrence M. | |
| 700 | 1 | _aMcKenna, Kim. | |
| 942 |
_2lcc _cGEN |
||
| 999 |
_c14244 _d14244 |
||